000
00258nam a22001097a 4500
082
_a
823
_b
ROG/I
100
_a
ROGERS, FRED
245
_a
IF WE WERE ALL THE SAME
260
_a
NEW YORK
_b
RANDOM HOUSE
_c
1987
650
_a
ENGLISH STORY
_z
UNITED STATES
942
_c
BK
999
_c
7530
_d
7530